| 000 | 01165nam0a2200337 4500 | ||
|---|---|---|---|
| 001 | RU\NLR\bibl\378603 | ||
| 005 | 20260406084438.0 | ||
| 010 |
_a5-9524-0218-6 _910000 |
||
| 021 |
_aRU _b2003-4279 _9195 |
||
| 035 | _a(NLR Aleph) 000373041 | ||
| 090 |
_a407817 _c407817 |
||
| 100 | _a20030304d2003 |||y0rusy50 ca | ||
| 101 | 1 |
_arus _ceng |
|
| 102 | _aRU | ||
| 105 | _ay ||||||||| | ||
| 200 | 1 |
_aСыновья волка _eРоман _fБарбара Майклз _g[Пер. с англ. М. И. Савеловой] |
|
| 210 |
_aМ. _cЦентрполиграф _d2003 |
||
| 215 |
_a221, [2] с. _d17 |
||
| 225 | 1 | _aГотический роман | |
| 610 | 0 | _aМистика (х. л.) | |
| 610 | 0 | _aФантастические романы и рассказы (х. л.) | |
| 675 |
_a821.111(73)-31Майклз _v3 _zrus |
||
| 686 | _aШ6(7США)67-440.4{Лх1979-50} | ||
| 700 | 1 |
_4070 _7ca _8rus _aМайклс _bБ. _f1927-2013 _gБарбара _3RU\NLR\AUTH\770279080 _92651047 |
|
| 801 | 0 |
_aRU _bRKP _c20030304 _gPSBO |
|
| 801 | 1 |
_aRU _bRKP _c20030304 |
|
| 801 | 2 |
_aRU _bNLR _c20090319 _grcr |
|
| 942 | _cBOOK | ||
| 980 | _aNB | ||